000 00691nam a2200289Ia 4500
005 20260324114722.0
008 008 260324s9999 xx 000 0 eng d
020 _a9781003204145
037 _aEBOOK
040 _aCRL
040 _beng
040 _cCRL
041 _2eng
041 _aeng
084 _qCRL
100 _aAndrew Jenkinson
_91148500
245 0 _aStuxnet to Sunburst
245 0 _b20 Years of Digital Exploitation and Cyber Warfare
260 _bTaylor and Francis
260 _c2021
365 _a
365 _b225
856 _uhttp://www.taylorfrancis.com/books/9781003204145
942 _cEBOOK
999 _c1742227
_d1742227